Comparative perspectives on social movements : political opportunities, mobilizing structures, and cultural framings

Αποθηκεύτηκε σε:
Λεπτομέρειες βιβλιογραφικής εγγραφής
Άλλοι συγγραφείς: McAdam, Doug (Επιμελητής έκδοσης), McCarthy, John D. (John David), 1940- (Επιμελητής έκδοσης), Zald, Mayer N. (Επιμελητής έκδοσης)
Μορφή: Βιβλίο
Γλώσσα:English
Δημοσίευση: Cambridge : Cambridge University Press, c1996
Σειρά:Cambridge studies in comparative politics
Θέματα:
Ετικέτες: Προσθήκη ετικέτας
Δεν υπάρχουν, Καταχωρήστε ετικέτα πρώτοι!

MARC

LEADER 00000cam a2200000 i 4500
001 1/65160
008 990108s1996 eng d
020 |a 0-521-48516-9 (pbk) 
020 |a 0-521-48039-6 (hbk) 
035 |l 10047087 
040 |a GR-MY-UA  |b gre  |e aacr 
041 0 |a eng 
082 0 |a 303.484 
245 1 0 |a Comparative perspectives on social movements :  |b political opportunities, mobilizing structures, and cultural framings /  |c edited by Doug McAdam, John D. McCarthy, Mayer N. Zald 
260 |a Cambridge :   |b Cambridge University Press,   |c c1996 
300 |a 426 p. 
490 1 |a Cambridge studies in comparative politics 
504 |a Includes bibliographical references and index 
650 0 0 |a Social movements. 
650 0 0 |a Comparative government. 
700 1 |a McAdam, Doug.  |4 edt 
700 1 |a McCarthy, John D.   |q (John David),   |d 1940-  |4 edt 
700 1 |a Zald, Mayer N.  |4 edt 
830 0 |a Cambridge studies in comparative politics 
852 |a INST  |b LESVOS  |e 19990108  |h 303.484 COM  |p 005100017138  |q 005100017138  |t BK  |y 0 
852 |a INST  |b LESVOS  |e 20020204  |h 303.484 COM  |p 005100028430  |q 005100028430  |t BK  |y 0 
852 |a INST  |b LESVOS  |e 20020204  |h 303.484 COM  |p 005100028431  |q 005100028431  |t BK  |y 0 
852 |a INST  |b LESVOS  |e 20020204  |h 303.484 COM  |p 005100028432  |q 005100028432  |t BK  |y 0 
852 |a INST  |b LESVOS  |e 20011031  |h 303.484 COM  |p 005100028585  |q 005100028585  |t BK  |y 0 
901 |a BIBL-1999-1 
901 |a BIBL1-2001-3 
909 |a Λ  |b 061426 
909 |a Λ  |b 099002 
909 |a Λ  |b 099623 
909 |a Λ  |b 099624 
909 |a Λ  |b 099625 
922 |a 1ΕΛΗ  |b 199811  |c ΚΠΣ/ΤΚ  |d ΠΑΠΑΣΩΤΗΡΙΟΥ 
950 |a 103-1998-07-27